| 000 | 01071nam a22002897a 4500 | ||
|---|---|---|---|
| 003 | dpl | ||
| 005 | 20120719151757.0 | ||
| 006 | a|||||r|||||00| 0 | ||
| 007 | DVD | ||
| 008 | 050907s2005 cau105 g 00| 0 eng d | ||
| 010 | _aDVD-008286 | ||
| 024 | _c150.00 | ||
| 035 | _aDVD-008286 | ||
| 040 |
_aDPL _cDPL |
||
| 092 | _aDVD PEHL | ||
| 245 |
_aPehle Aap _h[videorecording] DVD / _cChildren Film Society, India _bby Virendra Saini |
||
| 260 | _bChildren Film Society, India | ||
| 270 |
_aFilms Divison Complex, 24, Dr. G Deshmukh Marg _bMumbai-400026 |
||
| 300 |
_a1 videodisc DVD;(48 min.) _bsd., col. ; _c4-3/4 in. _fDVD |
||
| 306 | _a48 min. | ||
| 538 | _aHindi | ||
| 650 |
_aLive Action Sort _950274 |
||
| 700 |
_950283 _aVirendra Saini |
||
| 942 |
_cCF _2ddc _hDVD _mPEHL |
||
| 999 |
_c68521 _d68521 |
||